Sports Quiz

Random Sports Quiz
Score 0/34 Timer 07:00
0 Plays Today
Year Answer % Correct
2019Miguel Almiron
89.8%
2018 (loan)Kenedy
84.9%
2018 (loan)Martin Dubravka
75.5%
2020 (loan)Nabil Bentaleb
75%
2020 (loan)Danny Rose
70.8%
2020 (loan)Valentino Lazaro
70.8%
2018 (loan)Islam Slimani
62.7%
2019 (loan)Antonio Barreca
60.8%
2016Jonjo Shelvey
59.8%
2013Moussa Sissoko
58.6%
2016Andros Townsend
54.3%
2012Papiss Cisse
49.3%
2013Yoan Gouffran
38.3%
2013Mathieu Debuchy
31%
2013Massadio Haidara
28.9%
2016 (loan)Seydou Doumbia
25.3%
2016Henri Saivet
24.8%
Year Answer % Correct
2009Kevin Nolan
23.2%
2013Mapou Yanga-Mbiwa
19.6%
2010Leon Best
15.4%
2009Peter Lovenkrands
14.2%
2009Ryan Taylor
14.1%
2014 (loan)Luuk de Jong
13.3%
2002Jonathan Woodgate
13.3%
2010 (permanent deal after loan)Danny Simpson
13.2%
2010Mike Williamson
13%
2005Jean-Alain Boumsong
11.4%
2011 (permanent deal after loan)Hatem Ben Arfa
11%
2010Wayne Routledge
10.3%
2005Amdy Faye
8%
2005Celestine Babayaro
7.6%
2013Kevin Mbabu
5.3%
2008Ben Tozer
2.3%
2003Tony Caig
1.9%
Remove Ads.
Support Sporcle.
Get the best of Sporcle when you Go Orange. This ad-free experience offers more features, more stats, and more fun while also helping to support Sporcle. Thank you for becoming a member.

You're not logged in!

Compare scores with friends on all Sporcle quizzes.
OR
Log In

Show Comments

Extras

Created Dec 20, 2018ReportNominate
Tags:Newcastle United

Top Quizzes Today


Score Distribution

Your Account Isn't Verified!

In order to create a playlist on Sporcle, you need to verify the email address you used during registration. Go to your Sporcle Settings to finish the process.

Report this User

Report this user for behavior that violates our Community Guidelines.

Details: